MARC

LEADER 00000nam0a2200000 4500
001 43279
005 20231031020022.0
010 |a 5811402848 
035 |a (RuTPU)RU\TPU\book\44744 
090 |a 43279 
100 |a 20021004d2001 m y0rusy50 ca 
101 0 |a rus 
102 |a RU 
105 |a a j 001zy 
200 1 |a Безопасность жизнедеятельности  |e учебное пособие для вузов  |f О. Н. Русак, К. Р. Малаян, Н. Г. Занько 
205 |a 4-е изд., стер. 
210 |a СПб.  |c Лань  |d 2001 
215 |a 448 с.  |c ил. 
320 |a Библиогр.: с. 439-445 
451 1 |0 (RuTPU)RU\TPU\book\49516  |y 5-8114-0284-8  |t Безопасность жизнедеятельности  |o учебное пособие  |f О. Н. Русак, К. Р. Малаян, Н. Г. Занько  |e 5-е изд., стер.  |c СПб.  |n Лань  |d 2002  |p 448 с.  |a Русак, Олег Николаевич 
451 1 |0 (RuTPU)RU\TPU\book\11218  |y 5-8114-0284-8  |t Безопасность жизнедеятельности  |o учебное пособие для студентов всех специальностей  |f О. Н. Русак, К. Р. Малаян, Н. Г. Занько  |e 3-е изд., испр., доп.  |c СПб.  |n Лань  |d 2000  |p 448 с.  |s Учебники для вузов. Специальная литература  |a Русак, Олег Николаевич 
610 1 |a безопасность жизнедеятельности 
610 1 |a БЖД 
610 1 |a медико-биологические основы 
610 1 |a опасности 
610 1 |a экстремальные ситуации 
610 1 |a чрезвычайные ситуации 
610 1 |a учебные пособия 
610 1 |a опасности 
675 |a 614.8(075.8)  |v 3 
700 1 |a Русак  |b О. Н.  |g Олег Николаевич 
701 1 |a Малаян  |b К. Р.  |g Карпуш Рубенович 
701 1 |a Занько  |b Н. Г.  |g Наталья Георгиевна 
801 1 |a RU  |b 63413507  |c 20021004  |g PSBO 
801 2 |a RU  |b 63413507  |c 20221201  |g PSBO 
900 |a Безопасность жизнедеятельности 
942 |c BK 
952 |a 540100  |b 330000